000 00266nam a2200109Ia 4500
008 190914s9999||||xx |||||||||||||| ||und||
100 _aRichard Jenkins
245 0 _aKey Sociologists Pierre Bourdieu
260 _aUSA
_bMcGraw Hill
_c1984
300 _a232
942 _cBK
999 _c8400
_d8400